Statistiques concernant Culture Générale - Série 1285

Cliquez ici pour prendre le quiz!

Statistiques générales

  • Ce quiz a été pris 86 fois
  • Le résultat moyen est 6 sur 10

Statistiques - réponses

QuestionRéponse% Correct
Dans quel pays européen devez-vous vous trouver pour admirer le mont Vésuve ?Italie
96%
Devant quel musée européen peut-on voir une pyramide de verre ?Le Louvre
93%
De quel pays les habitants de Tahiti sont-ils citoyens ?France
89%
Dans quelle région française se trouve la forêt de Brocéliande ?Bretagne
81%
De quel pays est originaire le shintoïsme ?Japon
78%
Dans quelle chaîne de montagnes sud-américaine le fleuve Amazone prend-il sa source ?Andes
64%
Dans quelle ville européenne siège la Cour pénale internationale ?La Haye
64%
De quelle région d'Artagnan, le héros des Trois Mousquetaires, est-il originaire ?Gascogne
31%
Dans quelle ville de France Stanislas Baudry(1780-1830) a-t-il ouvert l'une des premières lignes de transports en commun ?Nantes
26%
Dans quelle ville de l'hémisphère sud trouve-t-on un pont surnommé « le vieux cintre » ?Sydney
10%

Distribution des résultats

Percentile par nombre de réponses

% des personnes avec chaque résultat

Votre développement - résultats

Vous n’avez pas pris ce quiz